Los trabajadores y la nueva cuestión social : repensando la realidad laboral y sindical en Chile /

La publicación representa un esfuerzo dirigido a escudriñar y entender desde una perspectiva crítica las profundas transformaciones acaecidas durante los últimos años en el mundo del trabajo, los trabajadores y sus organizaciones. De manera mas especifica, las reflexiones de los autores procuran esc...

Descripción completa

Detalles Bibliográficos
Formato: Libro
Lenguaje:español
Publicado: Santiago, Chile ICAL 2004
Materias:
Acceso en línea:

MARC

LEADER 00000cam a2200000 a 4500
001 009164
003 UAHC_CL
005 20170803120535.0
008 050406b2004 cl j 000 1 spa
020 |a 9567074054 
040 |a UAHC_CL  |c UAHC_CL  |d UAHC_CL 
245 1 4 |a Los trabajadores y la nueva cuestión social :  |b repensando la realidad laboral y sindical en Chile /  |c Rolando Álvarez V., Antonio Aravena C. (editores), Daniel Núñez ... [et al.]. 
260 |b ICAL  |c 2004  |a Santiago, Chile 
300 |a 245 p. 
520 |a La publicación representa un esfuerzo dirigido a escudriñar y entender desde una perspectiva crítica las profundas transformaciones acaecidas durante los últimos años en el mundo del trabajo, los trabajadores y sus organizaciones. De manera mas especifica, las reflexiones de los autores procuran esclarecer la nueva fisonomía del trabajo, las tendencias en desarrollo, las disposiciones ya cristalizadas y los retos que enfrentan los trabajadores en los inicios del siglo XXI.\Una preocupación comun que atraviesa las diferentes reflexiones incluidas en este trabajo tiene relacion con aportar elementos para pensar las condiciones en que se inscriben las acciones del sujeto trabajador. En este sentido, las ideas de inseguridad, incertidumbre y desprotección aparecen realzadas como caracteristicas de la situacion laboral actual en Chile. Como contrapartida a los discursos que hacen enfasis en la existencia de una sociedad moderna, igualitaria y justa, los analisis muestran que la realidad laboral y sindical esta permeada por la inestabilidad, la precariedad y el abuso de poder en muchos centros de trabajo. 
650 4 |a CLASE TRABAJADORA  |x CONDICIONES ECONOMICAS  |y 1990-  |z CHILE 
650 4 |a POBREZA  |x ASPECTOS ECONOMICOS  |y 1990-  |z CHILE 
650 4 |a SALARIOS  |y 1990-  |z CHILE 
650 4 |a SINDICALISMO  |y 1973-1990  |z CHILE 
653 |a PEDAGOGIA EN HISTORIA Y CIENCIAS SOCIALES 
653 |a LICENCIATURA EN HISTORIA 
900 |a 330.983 TRAB 
942 |c BK 
952 |0 0  |1 0  |4 0  |6 330_983000000000000_TRAB  |7 0  |8 General  |9 19343  |a BC  |b BR  |c General  |d 2017-08-03  |l 3  |m 5  |o 330.983 TRAB  |p 1348170  |r 2026-01-14 00:00:00  |s 2025-04-29  |t 1  |w 2017-08-03  |y BK 
999 |c 9164  |d 9164